header

Structure of Hilbert space operators (Record no. 120087)

MARC details
000 -LEADER
fixed length control field 01170nam a2200313Ia 4500
100 1# - MAIN ENTRY--AUTHOR NAME
Personal name Jiang, Chunlan.
245 10 - TITLE STATEMENT
Title Structure of Hilbert space operators
260 ## - PUBLICATION, DISTRIBUTION, ETC. (IMPRINT)
Place of publication Hackensack, NJ :
Name of publisher World Scientific,
Year of publication 2006.
300 ## - PHYSICAL DESCRIPTION
Number of Pages x, 248 p.
650 #0 - SUBJECT ADDED ENTRY--TOPICAL TERM
Topical Term Hilbert space.
Topical Term Linear operators.
700 1# - ADDED ENTRY--PERSONAL NAME
Personal name Wang, Zongyao.
856 40 - ELECTRONIC LOCATION AND ACCESS
Uniform Resource Identifier http://site.ebrary.com/lib/rucke/Doc?id=10201377

No items available.

© 2026 Rongo University
Contact us: librarian | system librarian | Rongo university